| 000 | 01375cam a22003734a 4500 | ||
|---|---|---|---|
| 001 | 15193944 | ||
| 003 | OSt | ||
| 005 | 20180427181831.0 | ||
| 008 | 080222s2009 nyua b 001 0 eng | ||
| 010 | _a 2008008580 | ||
| 015 |
_aGBA865573 _2bnb |
||
| 016 | 7 |
_a101466858 _2DNLM |
|
| 016 | 7 |
_a014613893 _2Uk |
|
| 020 | _a9780071460439 (hbk. : alk. paper) | ||
| 020 | _a0071460438 (hbk. : alk. paper) | ||
| 035 | _a(OCoLC)212399926 | ||
| 035 | _a(OCoLC)ocn212399926 | ||
| 040 |
_aDNLM/DLC _cDLC _dNLM _dBAKER _dBTCTA _dUKM _dYDXCP _dC#P _dCDX _dDLC |
||
| 042 | _apcc | ||
| 050 | 0 | 0 |
_aRM300 _b.P5196 2009 |
| 082 |
_aQV 4 _bP494p 2009 |
||
| 100 |
_aPeter C. Panus [et...al] _912638 |
||
| 245 | 0 | 0 | _aPharmacology for the Physical Therapist |
| 260 |
_aNew York : _bMcGraw-Hill Medical, _c2009. |
||
| 300 |
_aix, 608 p. : _bill. ; _c25 cm. |
||
| 504 | _aIncludes bibliographical references and index. | ||
| 650 | 0 |
_aPharmacology. _9357 |
|
| 650 | 0 |
_aPhysical therapy. _92407 |
|
| 856 | 4 | 2 |
_3Contributor biographical information _uhttp://www.loc.gov/catdir/enhancements/fy0827/2008008580-b.html |
| 856 | 4 | 2 |
_3Publisher description _uhttp://www.loc.gov/catdir/enhancements/fy0827/2008008580-d.html |
| 856 | 4 | 1 |
_3Table of contents only _uhttp://www.loc.gov/catdir/enhancements/fy0827/2008008580-t.html |
| 906 |
_a7 _bcbc _corignew _d1 _eecip _f20 _gy-gencatlg |
||
| 942 |
_2z _cSLOAN |
||
| 999 |
_c5949 _d5949 |
||